Mechanics for Polytechnics and other Professional Courses / (Record no. 230)
[ view plain ]
| 000 -LEADER | |
|---|---|
| fixed length control field | 00393cam a2200145ua 4500 |
| 082 ## - DEWEY DECIMAL CLASSIFICATION NUMBER | |
| Classification number | 531 |
| Item number | HAR/ME |
| 100 ## - MAIN ENTRY--AUTHOR NAME | |
| Personal name | Hariharakrishnan, A. |
| 245 ## - TITLE STATEMENT | |
| Title | Mechanics for Polytechnics and other Professional Courses / |
| 250 ## - EDITION STATEMENT | |
| Edition statement | 1 / |
| 260 ## - PUBLICATION, DISTRIBUTION, ETC. (IMPRINT) | |
| Place of publication | Alagappanagar : |
| Name of publisher | H Ananthakrishnan , |
| Year of publication | 1967. |
| 300 ## - PHYSICAL DESCRIPTION | |
| Number of Pages | 194 ; . |
| 650 ## - SUBJECT ADDED ENTRY--TOPICAL TERM | |
| Topical Term | Mechanics |
| 700 1# - ADDED ENTRY--PERSONAL NAME | |
| Personal name | Pareed, P. V. |
| 942 ## - ADDED ENTRY ELEMENTS (KOHA) | |
| Koha item type | Books |
| Withdrawn status | Lost status | Damaged status | Home library | Current library | Date acquired | Full call number | Accession Number | Koha item type |
|---|---|---|---|---|---|---|---|---|
| Withdrawn | Damaged | KAUAET | KAUAET | 07/04/2012 | 531 HAR/ME | 11264 | Books | |
| Withdrawn | KAUAET | KAUAET | 07/04/2012 | 531 HAR/ME | 11273 | Books | ||
| KAUAET | KAUAET | 07/04/2012 | 531 HAR/ME | 11278 | Books | |||
| KAUAET | KAUAET | 07/04/2012 | 531 HAR/ME | 11272 | Books | |||
| KAUAET | KAUAET | 07/04/2012 | 531 HAR/ME | 11271 | Books | |||
| Withdrawn | KAUAET | KAUAET | 07/04/2012 | 531 HAR/ME | 11275 | Books | ||
| Withdrawn | KAUAET | Sanskrit University | 07/04/2012 | 531 HAR/ME | 11266 | Books | ||
| Withdrawn | KAUAET | Sanskrit University | 07/04/2012 | 531 HAR/ME | 11265 | Books | ||
| Withdrawn | KAUAET | Sanskrit University | 07/04/2012 | 531 HAR/ME | 11277 | Books | ||
| Withdrawn | KAUAET | Sanskrit University | 07/04/2012 | 531 HAR/ME | 11267 | Books | ||
| Withdrawn | KAUAET | Sanskrit University | 07/04/2012 | 531 HAR/ME | 11269 | Books | ||
| Withdrawn | KAUAET | Sanskrit University | 07/04/2012 | 531 HAR/ME | 11270 | Books | ||
| Withdrawn | KAUAET | Sanskrit University | 07/04/2012 | 531 HAR/ME | 11276 | Books |
